LotR: The Return of the King Characters - Statistics

General Stats
  • This quiz has been taken 51 times
  • The average score is 12 of 15
Answer Stats
Hint Character % Correct
Heir of Isildur Aragorn
100%
Protagonist Frodo
100%
Elf Archer Legolas
100%
Angel Wizard Gandalf
98%
Main Antagonist Sauron
98%
Corrupted Hobbit Gollum
96%
Dwarf Gimli
94%
Noble Shieldwoman Eowyn
88%
Very Powerful Elf Galadriel
88%
Protagonist's Friend Samwise
85%
Comedic Relief Pippin
81%
Possessed King Theoden
71%
Lothlorien Elf Lord Celeborn
67%
Leader of the Orcs Gothmog
31%
Daughter of Protagonist's Friend Elanor Gamgee
15%
No matching quizzes found
Score Distribution
Percent of People with Each Score
Percentile by Number Answered
Your Score History
You have not taken this quiz